[Event "Hoogeveen Open"]
[Site "Hoogeveen, Netherlands"]
[Date "2018.10.23"]
[Round "5.20"]
[White "Rubingh, Otto"]
[Black "Ojas, Kulkarni"]
[Result "0-1"]
[WhiteElo "2154"]
[BlackElo "2254"]

1. d4 {[%clk 01:24:40]} {[%emt 00:06:19]} Nf6 {[%clk 01:30:47]} {[%emt
00:00:12]} 2. Nf3 {[%clk 01:24:38]} {[%emt 00:00:32]} b6 {[%clk 01:30:43]}
{[%emt 00:00:35]} 3. Bf4 {[%clk 01:24:41]} {[%emt 00:00:26]} Bb7 {[%clk
01:31:00]} {[%emt 00:00:12]} 4. e3 {[%clk 01:24:57]} {[%emt 00:00:15]} g6
{[%clk 01:31:16]} {[%emt 00:00:14]} 5. h3 {[%clk 01:24:50]} {[%emt 00:00:37]}
Bg7 {[%clk 01:31:41]} {[%emt 00:00:06]} 6. Nbd2 {[%clk 01:25:06]} {[%emt
00:00:13]} O-O {[%clk 01:32:03]} {[%emt 00:00:08]} 7. Bd3 {[%clk 01:24:04]}
{[%emt 00:01:33]} d6 {[%clk 01:32:15]} {[%emt 00:00:18]} 8. Qe2 {[%clk
01:22:53]} {[%emt 00:01:40]} Nbd7 {[%clk 01:32:05]} {[%emt 00:00:41]} 9. c3
{[%clk 01:21:41]} {[%emt 00:01:41]} Re8 {[%clk 01:30:38]} {[%emt 00:01:57]} 10.
e4 {[%clk 01:20:28]} {[%emt 00:01:42]} e5 {[%clk 01:28:35]} {[%emt 00:02:34]}
11. dxe5 {[%clk 01:20:37]} {[%emt 00:00:22]} dxe5 {[%clk 01:27:03]} {[%emt
00:02:02]} 12. Be3 {[%clk 01:20:38]} {[%emt 00:00:28]} Qe7 {[%clk 01:25:16]}
{[%emt 00:02:18]} 13. Ba6 {[%clk 01:18:08]} {[%emt 00:02:59]} Bxa6 {[%clk
01:10:51]} {[%emt 00:14:56]} 14. Qxa6 {[%clk 01:16:16]} {[%emt 00:02:22]} Nh5
{[%clk 01:11:05]} {[%emt 00:00:16]} 15. Qc4 {[%clk 01:07:07]} {[%emt 00:09:38]}
Nf8 {[%clk 01:09:02]} {[%emt 00:02:34]} 0-1

[Event "Hoogeveen Open"]
[Site "Hoogeveen, Netherlands"]
[Date "2018.10.23"]
[Round "5.24"]
[White "Van Randtwijk, Mick"]
[Black "Li, Henry"]
[Result "0-1"]
[WhiteElo "1979"]
[BlackElo "2207"]

1. e4 {[%clk 01:30:57]} {[%emt 00:00:03]} e5 {[%clk 01:30:46]} {[%emt
00:00:15]} 2. Nf3 {[%clk 01:31:21]} {[%emt 00:00:06]} Nc6 {[%clk 01:31:08]}
{[%emt 00:00:07]} 3. Bb5 {[%clk 01:31:46]} {[%emt 00:00:06]} a6 {[%clk
01:31:34]} {[%emt 00:00:05]} 4. Ba4 {[%clk 01:32:11]} {[%emt 00:00:05]} Nf6
{[%clk 01:31:58]} {[%emt 00:00:06]} 5. d3 {[%clk 01:32:35]} {[%emt 00:00:05]}
d6 {[%clk 01:32:21]} {[%emt 00:00:07]} 6. c4 {[%clk 01:32:51]} {[%emt
00:00:13]} g6 {[%clk 01:32:43]} {[%emt 00:00:08]} 7. Nc3 {[%clk 01:33:06]}
{[%emt 00:00:16]} Bg7 {[%clk 01:32:05]} {[%emt 00:01:08]} 8. Nd5 {[%clk
01:33:11]} {[%emt 00:00:25]} O-O {[%clk 01:25:56]} {[%emt 00:06:39]} 9. Bg5
{[%clk 01:33:05]} {[%emt 00:00:35]} Bg4 {[%clk 01:17:45]} {[%emt 00:08:42]} 10.
h3 {[%clk 01:25:34]} {[%emt 00:08:02]} Bxf3 {[%clk 01:16:26]} {[%emt 00:01:49]}
11. Qxf3 {[%clk 01:25:59]} {[%emt 00:00:04]} Nd4 {[%clk 01:05:08]} {[%emt
00:11:48]} 12. Qxf6 {[%clk 01:26:20]} {[%emt 00:00:09]} Qb8 {[%clk 01:04:19]}
{[%emt 00:01:19]} 13. Qe7 {[%clk 01:13:27]} {[%emt 00:13:23]} b5 {[%clk
00:54:36]} {[%emt 00:10:14]} 14. Bb3 {[%clk 01:06:26]} {[%emt 00:07:30]} bxc4
{[%clk 00:47:59]} {[%emt 00:07:07]} 15. dxc4 {[%clk 01:05:02]} {[%emt
00:01:54]} f6 {[%clk 00:40:43]} {[%emt 00:07:46]} 16. Qxc7 {[%clk 00:59:04]}
{[%emt 00:06:27]} fxg5 {[%clk 00:38:09]} {[%emt 00:03:04]} 17. O-O {[%clk
00:52:22]} {[%emt 00:07:12]} a5 {[%clk 00:35:35]} {[%emt 00:03:05]} 18. Qe7
{[%clk 00:49:53]} {[%emt 00:03:00]} a4 {[%clk 00:21:22]} {[%emt 00:14:43]} 19.
Bd1 {[%clk 00:49:47]} {[%emt 00:00:35]} h6 {[%clk 00:18:48]} {[%emt 00:03:03]}
20. Qd7 {[%clk 00:42:41]} {[%emt 00:07:37]} Rf7 {[%clk 00:13:49]} {[%emt
00:05:29]} 21. Qg4 {[%clk 00:40:39]} {[%emt 00:02:32]} Qxb2 {[%clk 00:13:39]}
{[%emt 00:00:41]} 22. Bf3 {[%clk 00:40:47]} {[%emt 00:00:22]} Kh7 {[%clk
00:11:59]} {[%emt 00:02:09]} 23. Rfb1 {[%clk 00:37:05]} {[%emt 00:04:12]} Qa3
{[%clk 00:12:04]} {[%emt 00:00:26]} 24. Bd1 {[%clk 00:36:23]} {[%emt 00:01:11]}
Qc5 {[%clk 00:09:49]} {[%emt 00:02:45]} 25. Rb4 {[%clk 00:29:53]} {[%emt
00:07:00]} Raf8 {[%clk 00:09:05]} {[%emt 00:01:14]} 26. Bxa4 {[%clk 00:30:09]}
{[%emt 00:00:14]} Rxf2 {[%clk 00:08:14]} {[%emt 00:01:22]} 27. Rb7 {[%clk
00:30:32]} {[%emt 00:00:06]} Nc2 {[%clk 00:06:12]} {[%emt 00:02:31]} 28. Bxc2
{[%clk 00:29:15]} {[%emt 00:01:47]} R2f7+ {[%clk 00:04:58]} {[%emt 00:01:45]}
29. Kh2 {[%clk 00:28:50]} {[%emt 00:00:54]} Rxb7 {[%clk 00:05:22]} {[%emt
00:00:07]} 30. Bb3 {[%clk 00:24:22]} {[%emt 00:04:58]} Rbf7 {[%clk 00:05:39]}
{[%emt 00:00:12]} 31. Qe2 {[%clk 00:23:33]} {[%emt 00:01:19]} Rf2 {[%clk
00:05:32]} {[%emt 00:00:37]} 32. Qe1 {[%clk 00:22:40]} {[%emt 00:01:23]} Qd4
{[%clk 00:05:01]} {[%emt 00:01:02]} 33. Rd1 {[%clk 00:21:30]} {[%emt 00:01:40]}
Qb2 {[%clk 00:05:20]} {[%emt 00:00:11]} 34. Ne3 {[%clk 00:21:55]} {[%emt
00:00:04]} Re2 {[%clk 00:05:10]} {[%emt 00:00:41]} 35. Qg3 {[%clk 00:21:52]}
{[%emt 00:00:33]} Rff2 {[%clk 00:04:51]} {[%emt 00:00:49]} 36. Rg1 {[%clk
00:20:49]} {[%emt 00:01:33]} Qd4 {[%clk 00:04:00]} {[%emt 00:01:22]} 37. Ng4
{[%clk 00:17:55]} {[%emt 00:03:23]} Rf4 {[%clk 00:03:45]} {[%emt 00:00:45]} 38.
Rd1 {[%clk 00:15:51]} {[%emt 00:02:34]} Qxe4 {[%clk 00:03:34]} {[%emt
00:00:41]} 39. Rxd6 {[%clk 00:16:07]} {[%emt 00:00:14]} h5 {[%clk 00:02:46]}
{[%emt 00:01:18]} 40. c5 {[%clk 00:16:32]} {[%emt 00:00:05]} hxg4 {[%clk
00:01:56]} {[%emt 00:01:20]} 41. c6 {[%clk 00:16:57]} {[%emt 00:00:05]} Rff2
{[%clk 00:01:06]} {[%emt 00:01:20]} 42. Bg8+ {[%clk 00:16:26]} {[%emt
00:01:00]} Kxg8 {[%clk 00:30:14]} {[%emt 00:01:22]} 43. Qb3+ {[%clk 00:46:45]}
{[%emt 00:00:11]} Kh7 {[%clk 00:30:25]} {[%emt 00:00:20]} 44. c7 {[%clk
00:47:10]} {[%emt 00:00:04]} Qxg2# {[%clk 00:30:49]} {[%emt 00:00:07]} 0-1

[Event "Hoogeveen Open"]
[Site "Hoogeveen, Netherlands"]
[Date "2018.10.23"]
[Round "5.25"]
[White "Van Dorp, Folke"]
[Black "Konings, Frans"]
[Result "0-1"]
[WhiteElo "2097"]
[BlackElo "2195"]

1. e4 {[%clk 01:30:56]} {[%emt 00:00:03]} c5 {[%clk 01:30:49]} {[%emt
00:00:11]} 2. Nc3 {[%clk 01:31:16]} {[%emt 00:00:10]} a6 {[%clk 01:30:50]}
{[%emt 00:00:30]} 3. g3 {[%clk 01:31:23]} {[%emt 00:00:23]} b5 {[%clk
01:30:37]} {[%emt 00:00:43]} 4. Bg2 {[%clk 01:31:48]} {[%emt 00:00:04]} Bb7
{[%clk 01:31:03]} {[%emt 00:00:03]} 5. Nh3 {[%clk 01:32:08]} {[%emt 00:00:11]}
e6 {[%clk 01:27:30]} {[%emt 00:04:03]} 6. d3 {[%clk 01:32:10]} {[%emt
00:00:28]} Nf6 {[%clk 01:24:25]} {[%emt 00:03:35]} 7. O-O {[%clk 01:32:09]}
{[%emt 00:00:31]} b4 {[%clk 01:24:37]} {[%emt 00:00:19]} 8. Ne2 {[%clk
01:32:33]} {[%emt 00:00:05]} d5 {[%clk 01:24:57]} {[%emt 00:00:10]} 9. e5
{[%clk 01:26:34]} {[%emt 00:06:30]} Ng4 {[%clk 01:21:28]} {[%emt 00:03:59]} 10.
Nef4 {[%clk 01:17:48]} {[%emt 00:09:15]} Nxe5 {[%clk 01:20:31]} {[%emt
00:01:27]} 11. Qh5 {[%clk 01:15:47]} {[%emt 00:02:31]} Qf6 {[%clk 01:16:55]}
{[%emt 00:04:05]} 12. Re1 {[%clk 01:12:11]} {[%emt 00:04:08]} Nbd7 {[%clk
01:14:00]} {[%emt 00:03:26]} 13. Nxd5 {[%clk 01:04:34]} {[%emt 00:08:06]} Bxd5
{[%clk 01:13:37]} {[%emt 00:00:53]} 14. Bxd5 {[%clk 01:04:27]} {[%emt
00:00:37]} exd5 {[%clk 01:02:41]} {[%emt 00:11:25]} 15. f4 {[%clk 01:03:54]}
{[%emt 00:01:03]} Qg6 {[%clk 01:02:39]} {[%emt 00:00:33]} 16. Qf3 {[%clk
00:56:27]} {[%emt 00:07:57]} Qe6 {[%clk 00:15:31]} {[%emt 00:47:37]} 17. fxe5
{[%clk 00:56:31]} {[%emt 00:00:26]} Nxe5 {[%clk 00:15:01]} {[%emt 00:01:01]} 18.
Rxe5 {[%clk 00:53:54]} {[%emt 00:03:06]} Qxe5 {[%clk 00:15:28]} {[%emt
00:00:03]} 19. Bf4 {[%clk 00:50:13]} {[%emt 00:04:10]} Qd4+ {[%clk 00:15:37]}
{[%emt 00:00:23]} 20. Be3 {[%clk 00:44:09]} {[%emt 00:06:34]} Qf6 {[%clk
00:15:23]} {[%emt 00:00:44]} 21. Qxd5 {[%clk 00:43:36]} {[%emt 00:01:02]} Rd8
{[%clk 00:15:49]} {[%emt 00:00:04]} 22. Qg2 {[%clk 00:41:05]} {[%emt 00:03:01]}
Be7 {[%clk 00:15:51]} {[%emt 00:00:28]} 23. Rf1 {[%clk 00:35:48]} {[%emt
00:05:48]} Qe6 {[%clk 00:15:55]} {[%emt 00:00:25]} 24. Bd2 {[%clk 00:31:50]}
{[%emt 00:04:28]} O-O {[%clk 00:16:02]} {[%emt 00:00:24]} 25. b3 {[%clk
00:29:56]} {[%emt 00:02:24]} Bf6 {[%clk 00:15:33]} {[%emt 00:00:58]} 26. Kh1
{[%clk 00:27:55]} {[%emt 00:02:31]} Qd5 {[%clk 00:13:52]} {[%emt 00:02:11]} 27.
Nf4 {[%clk 00:27:02]} {[%emt 00:01:24]} Qxg2+ {[%clk 00:14:09]} {[%emt
00:00:13]} 28. Kxg2 {[%clk 00:27:24]} {[%emt 00:00:07]} Bg5 {[%clk 00:14:21]}
{[%emt 00:00:17]} 29. Be3 {[%clk 00:26:07]} {[%emt 00:01:48]} Be7 {[%clk
00:10:28]} {[%emt 00:04:22]} 30. h4 {[%clk 00:23:15]} {[%emt 00:03:23]} Bd6
{[%clk 00:10:46]} {[%emt 00:00:13]} 31. Rf3 {[%clk 00:22:01]} {[%emt 00:01:44]}
Rfe8 {[%clk 00:10:37]} {[%emt 00:00:38]} 32. Nh3 {[%clk 00:22:02]} {[%emt
00:00:29]} g6 {[%clk 00:07:48]} {[%emt 00:03:19]} 33. g4 {[%clk 00:20:06]}
{[%emt 00:02:26]} Re5 {[%clk 00:04:26]} {[%emt 00:03:52]} 34. g5 {[%clk
00:12:23]} {[%emt 00:08:14]} Rf5 {[%clk 00:04:15]} {[%emt 00:00:41]} 35. Nf2
{[%clk 00:11:50]} {[%emt 00:01:03]} Rxf3 {[%clk 00:04:39]} {[%emt 00:00:05]} 36.
Kxf3 {[%clk 00:12:16]} {[%emt 00:00:04]} Be7 {[%clk 00:04:41]} {[%emt
00:00:28]} 37. Ne4 {[%clk 00:11:50]} {[%emt 00:00:57]} Rd5 {[%clk 00:05:00]}
{[%emt 00:00:10]} 38. Bf4 {[%clk 00:10:28]} {[%emt 00:01:52]} Kf8 {[%clk
00:05:13]} {[%emt 00:00:17]} 39. Nd2 {[%clk 00:10:31]} {[%emt 00:00:28]} Bd6
{[%clk 00:04:22]} {[%emt 00:01:21]} 40. Be3 {[%clk 00:10:17]} {[%emt 00:00:43]}
Ke8 {[%clk 00:04:11]} {[%emt 00:00:41]} 41. Ne4 {[%clk 00:10:32]} {[%emt
00:00:16]} Be7 {[%clk 00:04:34]} {[%emt 00:00:05]} 42. Nd2 {[%clk 00:05:25]}
{[%emt 00:05:38]} Kd7 {[%clk 00:03:03]} {[%emt 00:02:01]} 43. Nc4 {[%clk
00:03:06]} {[%emt 00:02:49]} Ke6 {[%clk 00:02:20]} {[%emt 00:01:13]} 44. Bf4
{[%clk 00:02:03]} {[%emt 00:01:34]} f6 {[%clk 00:02:35]} {[%emt 00:00:14]} 45.
Ne3 {[%clk 00:28:16]} {[%emt 00:04:17]} Rd8 {[%clk 00:31:03]} {[%emt 00:02:02]}
46. Nc4 {[%clk 00:27:54]} {[%emt 00:00:53]} fxg5 {[%clk 00:30:11]} {[%emt
00:01:22]} 47. hxg5 {[%clk 00:28:17]} {[%emt 00:00:07]} Kd5 {[%clk 00:29:37]}
{[%emt 00:01:04]} 48. Ne5 {[%clk 00:22:12]} {[%emt 00:06:35]} Rf8 {[%clk
00:28:37]} {[%emt 00:01:29]} 49. Nd7 {[%clk 00:21:11]} {[%emt 00:01:32]} Rf7
{[%clk 00:25:41]} {[%emt 00:03:26]} 50. Nb6+ {[%clk 00:17:45]} {[%emt
00:03:56]} Kd4 {[%clk 00:25:44]} {[%emt 00:00:26]} 0-1

[Event "Hoogeveen Open"]
[Site "Hoogeveen, Netherlands"]
[Date "2018.10.23"]
[Round "5.26"]
[White "Pham, Khoi"]
[Black "Bertholee, Rob"]
[Result "0-1"]
[WhiteElo "2153"]
[BlackElo "2334"]

1. e4 {[%clk 01:30:57]} {[%emt 00:00:02]} c5 {[%clk 01:30:57]} {[%emt
00:00:03]} 2. Nf3 {[%clk 01:31:22]} {[%emt 00:00:05]} e6 {[%clk 01:31:24]}
{[%emt 00:00:03]} 3. d4 {[%clk 01:31:44]} {[%emt 00:00:09]} cxd4 {[%clk
01:31:49]} {[%emt 00:00:05]} 4. Nxd4 {[%clk 01:32:07]} {[%emt 00:00:06]} Nf6
{[%clk 01:32:17]} {[%emt 00:00:02]} 5. Nc3 {[%clk 01:31:34]} {[%emt 00:01:03]}
d6 {[%clk 01:32:41]} {[%emt 00:00:06]} 6. Be2 {[%clk 01:31:38]} {[%emt
00:00:25]} a6 {[%clk 01:33:07]} {[%emt 00:00:05]} 7. O-O {[%clk 01:31:40]}
{[%emt 00:00:28]} Qc7 {[%clk 01:33:33]} {[%emt 00:00:04]} 8. Be3 {[%clk
01:31:47]} {[%emt 00:00:23]} b5 {[%clk 01:33:40]} {[%emt 00:00:23]} 9. a3
{[%clk 01:27:57]} {[%emt 00:04:21]} Bb7 {[%clk 01:34:03]} {[%emt 00:00:06]} 10.
Qd3 {[%clk 01:08:12]} {[%emt 00:20:15]} Nbd7 {[%clk 01:32:18]} {[%emt
00:02:15]} 11. f3 {[%clk 01:06:18]} {[%emt 00:02:23]} d5 {[%clk 01:30:20]}
{[%emt 00:02:29]} 12. exd5 {[%clk 01:04:13]} {[%emt 00:02:35]} Nxd5 {[%clk
01:30:44]} {[%emt 00:00:06]} 13. Nxd5 {[%clk 01:03:48]} {[%emt 00:00:55]} Bxd5
{[%clk 01:31:12]} {[%emt 00:00:02]} 14. Qd2 {[%clk 01:02:35]} {[%emt 00:01:42]}
Nb6 {[%clk 01:12:46]} {[%emt 00:18:56]} 15. b3 {[%clk 00:54:08]} {[%emt
00:08:58]} Bc5 {[%clk 00:52:06]} {[%emt 00:21:10]} 16. Kh1 {[%clk 00:51:05]}
{[%emt 00:03:33]} O-O {[%clk 00:51:45]} {[%emt 00:00:49]} 17. a4 {[%clk
00:39:08]} {[%emt 00:12:30]} b4 {[%clk 00:45:30]} {[%emt 00:06:44]} 18. Rac1
{[%clk 00:39:14]} {[%emt 00:00:23]} Rfd8 {[%clk 00:36:36]} {[%emt 00:09:24]} 19.
c4 {[%clk 00:36:35]} {[%emt 00:03:10]} Bb7 {[%clk 00:36:37]} {[%emt 00:00:29]}
20. f4 {[%clk 00:28:05]} {[%emt 00:09:00]} Rd7 {[%clk 00:33:34]} {[%emt
00:03:32]} 21. Qb2 {[%clk 00:22:58]} {[%emt 00:05:38]} Rad8 {[%clk 00:24:52]}
{[%emt 00:09:12]} 22. Nc2 {[%clk 00:22:53]} {[%emt 00:00:35]} Bxe3 {[%clk
00:25:19]} {[%emt 00:00:03]} 23. Nxe3 {[%clk 00:23:01]} {[%emt 00:00:23]} Qc5
{[%clk 00:25:43]} {[%emt 00:00:05]} 24. Qe5 {[%clk 00:13:33]} {[%emt 00:09:57]}
Qxe5 {[%clk 00:24:53]} {[%emt 00:01:20]} 25. fxe5 {[%clk 00:13:58]} {[%emt
00:00:05]} Rd2 {[%clk 00:25:12]} {[%emt 00:00:11]} 26. Bf3 {[%clk 00:09:10]}
{[%emt 00:05:19]} Bxf3 {[%clk 00:25:22]} {[%emt 00:00:20]} 27. gxf3 {[%clk
00:09:10]} {[%emt 00:00:30]} Nd7 {[%clk 00:19:13]} {[%emt 00:06:40]} 28. c5
{[%clk 00:07:33]} {[%emt 00:02:07]} Nxe5 {[%clk 00:19:35]} {[%emt 00:00:07]} 29.
Nc4 {[%clk 00:07:42]} {[%emt 00:00:20]} Nxc4 {[%clk 00:18:09]} {[%emt
00:01:57]} 30. Rxc4 {[%clk 00:08:06]} {[%emt 00:00:06]} a5 {[%clk 00:17:51]}
{[%emt 00:00:49]} 31. c6 {[%clk 00:07:47]} {[%emt 00:00:49]} R2d5 {[%clk
00:12:08]} {[%emt 00:06:12]} 32. Rfc1 {[%clk 00:04:52]} {[%emt 00:03:26]} Kf8
{[%clk 00:12:25]} {[%emt 00:00:13]} 33. Rc5 {[%clk 00:04:08]} {[%emt 00:01:14]}
Ke7 {[%clk 00:11:51]} {[%emt 00:01:03]} 34. Rxd5 {[%clk 00:03:46]} {[%emt
00:00:51]} exd5 {[%clk 00:12:18]} {[%emt 00:00:04]} 35. Rc5 {[%clk 00:03:44]}
{[%emt 00:00:32]} d4 {[%clk 00:09:45]} {[%emt 00:03:03]} 36. Rxa5 {[%clk
00:02:11]} {[%emt 00:02:03]} Kd6 {[%clk 00:09:46]} {[%emt 00:00:29]} 37. Kg1
{[%clk 00:02:26]} {[%emt 00:00:16]} d3 {[%clk 00:07:30]} {[%emt 00:02:45]} 38.
Kf1 {[%clk 00:02:15]} {[%emt 00:00:41]} Re8 {[%clk 00:07:46]} {[%emt 00:00:13]}
39. c7 {[%clk 00:01:23]} {[%emt 00:01:23]} d2 {[%clk 00:07:56]} {[%emt
00:00:19]} 40. c8=N+ {[%clk 00:01:06]} {[%emt 00:00:47]} Kc7 {[%clk 00:07:13]}
{[%emt 00:01:13]} 41. Rc5+ {[%clk 00:30:17]} {[%emt 00:01:20]} Kb8 {[%clk
00:37:09]} {[%emt 00:00:33]} 0-1

[Event "Hoogeveen Open"]
[Site "Hoogeveen, Netherlands"]
[Date "2018.10.23"]
[Round "5.27"]
[White "Mellema, Andries"]
[Black "Van Kooten, Luuk"]
[Result "0-1"]
[WhiteElo "2140"]
[BlackElo "2320"]

1. e4 {[%clk 01:30:58]} g6 {[%clk 01:30:29]} {[%emt 00:00:31]} 2. d4 {[%clk
01:31:16]} {[%emt 00:00:12]} Bg7 {[%clk 01:30:43]} {[%emt 00:00:16]} 3. Nc3
{[%clk 01:31:42]} {[%emt 00:00:05]} d6 {[%clk 01:30:37]} {[%emt 00:00:36]} 4.
Be3 {[%clk 01:31:58]} {[%emt 00:00:14]} a6 {[%clk 01:30:24]} {[%emt 00:00:43]}
5. Qd2 {[%clk 01:29:27]} {[%emt 00:03:00]} b5 {[%clk 01:29:32]} {[%emt
00:01:22]} 6. h4 {[%clk 01:29:37]} {[%emt 00:00:21]} h5 {[%clk 01:26:13]}
{[%emt 00:03:49]} 7. Nh3 {[%clk 01:27:01]} {[%emt 00:03:06]} Bxh3 {[%clk
01:22:53]} {[%emt 00:03:49]} 8. Rxh3 {[%clk 01:26:50]} {[%emt 00:00:42]} Nf6
{[%clk 01:22:39]} {[%emt 00:00:44]} 9. f3 {[%clk 01:25:32]} {[%emt 00:01:48]}
Nbd7 {[%clk 01:18:34]} {[%emt 00:04:35]} 10. O-O-O {[%clk 01:07:59]} {[%emt
00:18:03]} c6 {[%clk 01:10:31]} {[%emt 00:08:33]} 11. Kb1 {[%clk 01:05:45]}
{[%emt 00:02:44]} Qc7 {[%clk 01:07:24]} {[%emt 00:03:38]} 12. Be2 {[%clk
00:34:40]} {[%emt 00:31:34]} Rb8 {[%clk 00:50:43]} {[%emt 00:17:10]} 13. Rg1
{[%clk 00:24:41]} {[%emt 00:10:29]} b4 {[%clk 00:44:18]} {[%emt 00:06:56]} 14.
Na4 {[%clk 00:18:45]} {[%emt 00:06:26]} c5 {[%clk 00:27:12]} {[%emt 00:17:36]}
15. b3 {[%clk 00:14:46]} {[%emt 00:04:28]} cxd4 {[%clk 00:25:24]} {[%emt
00:02:19]} 16. Bxd4 {[%clk 00:14:57]} {[%emt 00:00:19]} O-O {[%clk 00:24:41]}
{[%emt 00:01:13]} 17. Bd3 {[%clk 00:08:04]} {[%emt 00:07:23]} Qc6 {[%clk
00:20:30]} {[%emt 00:04:41]} 18. Qe2 {[%clk 00:07:26]} {[%emt 00:01:07]} e5
{[%clk 00:19:34]} {[%emt 00:01:27]} 19. Bb2 {[%clk 00:07:55]} {[%emt 00:00:01]}
d5 {[%clk 00:19:48]} {[%emt 00:00:16]} 20. g4 {[%clk 00:02:27]} {[%emt
00:05:58]} dxe4 {[%clk 00:14:27]} {[%emt 00:05:50]} 21. Bxe4 {[%clk 00:01:55]}
{[%emt 00:01:02]} Nxe4 {[%clk 00:14:43]} {[%emt 00:00:14]} 22. Qxe4 {[%clk
00:01:48]} {[%emt 00:00:38]} Qxe4 {[%clk 00:13:44]} {[%emt 00:01:28]} 23. fxe4
{[%clk 00:02:07]} {[%emt 00:00:11]} hxg4 {[%clk 00:11:45]} {[%emt 00:02:29]} 24.
Rxg4 {[%clk 00:02:09]} {[%emt 00:00:28]} Nf6 {[%clk 00:11:14]} {[%emt
00:01:01]} 25. Rg2 {[%clk 00:02:24]} {[%emt 00:00:15]} Nxe4 {[%clk 00:06:45]}
{[%emt 00:05:00]} 26. Re3 {[%clk 00:02:02]} {[%emt 00:00:51]} Nf6 {[%clk
00:03:33]} {[%emt 00:03:42]} 27. Rxe5 {[%clk 00:01:45]} {[%emt 00:00:47]} Rbd8
{[%clk 00:02:23]} {[%emt 00:01:40]} 28. Re1 {[%clk 00:01:10]} {[%emt 00:01:05]}
Rfe8 {[%clk 00:02:42]} {[%emt 00:00:11]} 29. Rh1 {[%clk 00:00:52]} {[%emt
00:00:48]} Rd5 {[%clk 00:02:11]} {[%emt 00:01:01]} 30. Nb6 {[%clk 00:00:43]}
{[%emt 00:00:40]} Rh5 {[%clk 00:02:24]} {[%emt 00:00:16]} 31. Nc4 {[%clk
00:00:47]} {[%emt 00:00:26]} Re4 {[%clk 00:02:18]} {[%emt 00:00:36]} 32. Rf1
{[%clk 00:01:09]} {[%emt 00:00:08]} Nd5 {[%clk 00:01:36]} {[%emt 00:01:12]} 33.
Bxg7 {[%clk 00:01:28]} {[%emt 00:00:10]} Kxg7 {[%clk 00:01:55]} {[%emt
00:00:11]} 34. Rxf7+ {[%clk 00:01:41]} {[%emt 00:00:17]} Kxf7 {[%clk 00:02:15]}
{[%emt 00:00:10]} 35. Nd6+ {[%clk 00:02:07]} {[%emt 00:00:05]} Kg7 {[%clk
00:02:06]} {[%emt 00:00:39]} 36. Nxe4 {[%clk 00:02:32]} {[%emt 00:00:05]} Rxh4
{[%clk 00:02:29]} {[%emt 00:00:07]} 37. Nf2 {[%clk 00:02:07]} {[%emt 00:00:54]}
Kf6 {[%clk 00:01:16]} {[%emt 00:01:44]} 38. Kb2 {[%clk 00:01:13]} {[%emt
00:01:24]} g5 {[%clk 00:01:28]} {[%emt 00:00:18]} 39. a3 {[%clk 00:01:13]}
{[%emt 00:00:30]} a5 {[%clk 00:01:37]} {[%emt 00:00:21]} 40. axb4 {[%clk
00:00:59]} {[%emt 00:00:44]} axb4 {[%clk 00:02:00]} {[%emt 00:00:07]} 41. Nd1
{[%clk 00:26:25]} {[%emt 00:05:04]} Rd4 {[%clk 00:27:55]} {[%emt 00:04:35]} 42.
Rg1 {[%clk 00:20:30]} {[%emt 00:06:25]} Rd2 {[%clk 00:24:29]} {[%emt 00:03:55]}
43. Kc1 {[%clk 00:20:19]} {[%emt 00:00:42]} Re2 {[%clk 00:24:09]} {[%emt
00:00:49]} 44. Rg3 {[%clk 00:19:33]} {[%emt 00:01:16]} Kf5 {[%clk 00:18:45]}
{[%emt 00:05:54]} 45. Rd3 {[%clk 00:11:51]} {[%emt 00:08:13]} Nf4 {[%clk
00:11:39]} {[%emt 00:07:36]} 46. Rd8 {[%clk 00:07:51]} {[%emt 00:04:30]} g4
{[%clk 00:10:15]} {[%emt 00:01:53]} 47. Rd2 {[%clk 00:00:43]} {[%emt 00:07:38]}
Re1 {[%clk 00:08:16]} {[%emt 00:02:29]} 0-1